| 000 | 00633nam a2200205Ia 4500 | ||
|---|---|---|---|
| 003 | GCL | ||
| 008 | 140319s9999 xx 000 0 ara d | ||
| 040 |
_aGCL / _cGCL |
||
| 082 | 0 | 4 |
_aم _b251.1 _bب ا |
| 100 | 1 | _aالبغدادى، ابوالمنصور عبد القادر | |
| 245 | 1 | 0 |
_aاصول الدين / _cالبغدادى، ابوالمنصور عبد القادر |
| 260 |
_a[S.N] : _bمطبعة الدولة ، _c1928 |
||
| 300 | _a343 ص | ||
| 650 | 0 | 4 | _aالاسلام |
| 650 | 0 | 4 | _aالعلم |
| 650 | 0 | 4 | _aالاصول |
| 650 | 0 | 4 | _aالفقه الاسلامى |
| 650 | 0 | 4 | _aالديانات |
| 942 |
_2ddc _cREF |
||
| 999 |
_c59288 _d59288 |
||